The face of the God.

Saved in:
Bibliographic Details
Main Author: Cook, Christal
Format: Book
Language:English
Published: London, Hodder & Stoughton, 1969.
LEADER 00762nam a2200217 4500
001 c000073579
003 CARM
005 00000000000000.0
008 710217s1969 enkb 00001 eng
015 |a B69-13080 
019 1 |a 205722  |5 LACONCORD2021 
020 |a 0340108576 
035 |a (OCoLC)123420  |5 LACONCORD2021 
050 0 0 |a PZ4.C7692  |b Fac  |a PR6053.O5185 
100 1 |a Cook, Christal. 
245 1 |a The face of the God. 
260 |a London,  |b Hodder & Stoughton,  |c 1969. 
300 |a 188 p.  |b map (on lining papers)  |c 21 cm. 
852 8 |b CARM  |h A2:AD17B0  |i B02427  |p 0102221  |f BK 
999 f f |i 1564eaf8-0f3b-561b-b653-f8b7f799cd76  |s b42e14a8-0ca3-5147-a6a9-01217fd8d108 
952 f f |p Can circulate  |a CAVAL  |b CAVAL  |c CAVAL  |d CARM 1 Store  |e B02427  |f A2:AD17B0  |h Other scheme  |i book  |m 0102221